000 00658nam a2200241Ia 4500
003 OSt
005 20221007075326.0
006 a|||||r|||| 00| 0
007 ta
008 221006b |||||||| |||| 00| 0 eng d
024 _a12,536
037 _cTextual
040 _aFLL
_cFLL
_beng
041 _2eng
_aeng
082 _a144:22:N576
110 _aGovt. of India
245 0 _a16th report of the registration of news papers for India under the press reg. of books act, 1973
260 _aNew Delhi
_bIndia
300 _a444p
_ccm.
700 _aGovt. of India
942 _h144:22:N576
_cTEXL
_2CC
999 _c1155628
_d1155628